|
|
|
|
| LEADER |
00000nam0a2200000 4500 |
| 001 |
65163 |
| 005 |
20231031070335.0 |
| 035 |
|
|
|a (RuTPU)RU\TPU\book\69178
|
| 090 |
|
|
|a 65163
|
| 100 |
|
|
|a 20040616d1976 k y0rusy50 ca
|
| 101 |
0 |
|
|a rus
|
| 102 |
|
|
|a RU
|
| 105 |
|
|
|a a z 001zy
|
| 200 |
1 |
|
|a Физическое металловедение титана
|f Б. А. Колачев
|
| 210 |
|
|
|a Москва
|c Металлургия
|d 1976
|
| 215 |
|
|
|a 184 с.
|c ил.
|
| 225 |
1 |
|
|a Успехи современного металловедения
|
| 320 |
|
|
|a Библиогр.: с. 180-184.
|
| 610 |
1 |
|
|a металлургия
|
| 610 |
1 |
|
|a металловедение
|
| 610 |
1 |
|
|a титан
|
| 610 |
1 |
|
|a структура
|
| 610 |
1 |
|
|a строение
|
| 610 |
1 |
|
|a физические свойства
|
| 675 |
|
|
|a 669.295
|v 3
|
| 700 |
|
1 |
|a Колачев
|b Б. А.
|g Борис Александрович
|
| 801 |
|
1 |
|a RU
|b 63413507
|c 20040616
|g PSBO
|
| 801 |
|
2 |
|a RU
|b 63413507
|c 20060127
|g PSBO
|
| 942 |
|
|
|c BK
|